000 00504nam a2200157 a 4500
001 000036405
005 20200930075720.0
008 120117s1982 xxu 000 0 spa d
020 _a0674046803
040 _aDO-SdBNP
_bspa
_cBNPHU
082 _axxxx
_bA784
245 0 0 _aThe art and craft of teaching /
_cedited Margaret Morganroth Gullete.
260 _aCambridge, Massachusetts :
_bHarvard University Press,
_c1982.
300 _a130 p. ;
_c23 cm.
700 1 _aMorganroth Gullette, Margaret,
_eed.
_962616
999 _c35896
_d35896